000 00438nam a2200181Ia 4500
008 090124s9999 xx 000 0 und d
082 _b122398
100 _aकदम बाबा
245 _a रानजाई
250 _a1
260 _c1987
300 _a289
600 _aकदम बाबा
630 _a रानजाई
700 _aकदम बाबा
730 _a रानजाई
942 _cBOOK
999 _c168484
_d168484